=LDR 00000nam 2200000 4500 =001 INLIS000000000028287 =005 20130612130613 =008 ***********************************eng** =035 ##$$0010-061300000028287 =041 ##$$a eng =082 ##$$a 028.5 =090 ##$$a 028.5, AFF t =100 ##$$a Affandi, Soleh =245 ##$$a Tungku Tiga, Retold by Soleh Affandi =260 ##$$a 1991 $b Jakarta =300 ##$$a 79 hlm., ilus., 21 cm =650 ##$$a Cerita rakyat Sumatera =850 ##$$a NBPNMAT